<?xml version="1.0" encoding="UTF-8"?>
<record
    xmlns:xsi="http://www.w3.org/2001/XMLSchema-instance"
    xsi:schemaLocation="http://www.loc.gov/MARC21/slim http://www.loc.gov/standards/marcxml/schema/MARC21slim.xsd"
    xmlns="http://www.loc.gov/MARC21/slim">

  <leader>01527nam1a2200349 i 4500</leader>
  <controlfield tag="001">RU\NLR\bibl\1272250</controlfield>
  <controlfield tag="005">20260406132513.0</controlfield>
  <datafield tag="035" ind1=" " ind2=" ">
    <subfield code="a">(NLR Aleph) 001258117</subfield>
  </datafield>
  <datafield tag="090" ind1=" " ind2=" ">
    <subfield code="a">361750</subfield>
    <subfield code="c">361750</subfield>
  </datafield>
  <datafield tag="100" ind1=" " ind2=" ">
    <subfield code="a">20080911g20089999u  y0rusy50      ca</subfield>
  </datafield>
  <datafield tag="101" ind1="1" ind2=" ">
    <subfield code="a">rus</subfield>
    <subfield code="c">eng</subfield>
  </datafield>
  <datafield tag="102" ind1=" " ind2=" ">
    <subfield code="a">RU</subfield>
  </datafield>
  <datafield tag="105" ind1=" " ind2=" ">
    <subfield code="a">c   |||||||||</subfield>
  </datafield>
  <datafield tag="200" ind1="1" ind2=" ">
    <subfield code="a">&#x411;&#x435;&#x441;&#x435;&#x434;&#x44B; &#x441; &#x41D;&#x43E;&#x441;&#x442;&#x440;&#x430;&#x434;&#x430;&#x43C;&#x443;&#x441;&#x43E;&#x43C;</subfield>
    <subfield code="e">[&#x432; 3 &#x442;.]</subfield>
    <subfield code="f">&#x414;&#x43E;&#x43B;&#x43E;&#x440;&#x435;&#x441; &#x41A;&#x44D;&#x43D;&#x43D;&#x43E;&#x43D;</subfield>
    <subfield code="g">[&#x43F;&#x435;&#x440;. &#x441; &#x430;&#x43D;&#x433;&#x43B;. &#x421;&#x435;&#x440;&#x433;&#x435;&#x439; &#x41F;&#x435;&#x439;&#x43B;&#x438;&#x44F;&#x43D; (&#x41F;&#x430;&#x445;&#x43B;&#x435;&#x432;&#x430;&#x43D;&#x44F;&#x43D;&#x446;)]</subfield>
  </datafield>
  <datafield tag="210" ind1=" " ind2=" ">
    <subfield code="a">&#x41C;&#x43E;&#x441;&#x43A;&#x432;&#x430;</subfield>
    <subfield code="c">&#x421;&#x442;&#x438;&#x433;&#x43C;&#x430;&#x440;&#x438;&#x43E;&#x43D;</subfield>
    <subfield code="d">2008</subfield>
  </datafield>
  <datafield tag="215" ind1=" " ind2=" ">
    <subfield code="d">21</subfield>
  </datafield>
  <datafield tag="300" ind1=" " ind2=" ">
    <subfield code="a">&#x417;&#x430;&#x433;&#x43B;. &#x438; &#x430;&#x432;&#x442;. &#x43E;&#x440;&#x438;&#x433;.: Conversations with Nostradamus / Dolores Cannon</subfield>
  </datafield>
  <datafield tag="300" ind1=" " ind2=" ">
    <subfield code="a">&#x41D;&#x430; &#x43E;&#x431;&#x43E;&#x440;&#x43E;&#x442;&#x435; &#x442;&#x438;&#x442;. &#x43B;. &#x430;&#x432;&#x442;.: &#x414;. &#x41A;&#x44D;&#x43D;&#x43D;&#x43E;&#x43D;, &#x433;&#x438;&#x43F;&#x43D;&#x43E;&#x442;&#x438;&#x437;&#x435;&#x440;-&#x440;&#x435;&#x433;&#x440;&#x435;&#x441;&#x441;&#x438;&#x43E;&#x43D;&#x438;&#x441;&#x442;</subfield>
  </datafield>
  <datafield tag="454" ind1=" " ind2="0">
    <subfield code="1">2001#$aConversations with Nostradamus$zeng</subfield>
    <subfield code="1">700#1$aCannon$bD.$gDolores$4070</subfield>
    <subfield code="t">Conversations with Nostradamus</subfield>
    <subfield code="a">Cannon, Dolores</subfield>
  </datafield>
  <datafield tag="463" ind1=" " ind2="0">
    <subfield code="1">0011241945</subfield>
  </datafield>
  <datafield tag="463" ind1=" " ind2="0">
    <subfield code="1">0011456027</subfield>
  </datafield>
  <datafield tag="600" ind1=" " ind2="1">
    <subfield code="a">&#x41D;&#x43E;&#x441;&#x442;&#x440;&#x430;&#x434;&#x430;&#x43C;&#x443;&#x441;</subfield>
    <subfield code="b">&#x41C;.</subfield>
    <subfield code="f">1505 - 1566</subfield>
    <subfield code="g">&#x41C;&#x438;&#x448;&#x435;&#x43B;&#x44C;</subfield>
    <subfield code="9">1561978</subfield>
    <subfield code="3">RU\NLR\auth\66683301</subfield>
  </datafield>
  <datafield tag="606" ind1=" " ind2=" ">
    <subfield code="a">&#x41F;&#x440;&#x43E;&#x440;&#x43E;&#x43A;&#x438; &#x438; &#x43F;&#x440;&#x43E;&#x440;&#x43E;&#x447;&#x435;&#x441;&#x442;&#x432;&#x430;</subfield>
    <subfield code="9">2048431</subfield>
    <subfield code="3">RU\NLR\auth\66944830</subfield>
  </datafield>
  <datafield tag="686" ind1=" " ind2=" ">
    <subfield code="a">&#x42D;391.224</subfield>
  </datafield>
  <datafield tag="700" ind1=" " ind2="1">
    <subfield code="a">&#x41A;&#x44D;&#x43D;&#x43D;&#x43E;&#x43D;</subfield>
    <subfield code="b">&#x414;.</subfield>
    <subfield code="g">&#x414;&#x43E;&#x43B;&#x43E;&#x440;&#x435;&#x441;</subfield>
    <subfield code="4">070</subfield>
  </datafield>
  <datafield tag="702" ind1=" " ind2="1">
    <subfield code="4">570</subfield>
    <subfield code="7">ca</subfield>
    <subfield code="8">rus</subfield>
    <subfield code="a">&#x41D;&#x43E;&#x441;&#x442;&#x440;&#x430;&#x434;&#x430;&#x43C;&#x443;&#x441;</subfield>
    <subfield code="b">&#x41C;.</subfield>
    <subfield code="f">1503-1566</subfield>
    <subfield code="g">&#x41C;&#x438;&#x448;&#x435;&#x43B;&#x44C;</subfield>
    <subfield code="3">RU\NLR\auth\771907</subfield>
    <subfield code="9">111924</subfield>
  </datafield>
  <datafield tag="801" ind1=" " ind2="0">
    <subfield code="a">RU</subfield>
    <subfield code="b">NLR</subfield>
    <subfield code="c">20080911</subfield>
    <subfield code="g">RCR</subfield>
  </datafield>
  <datafield tag="801" ind1=" " ind2="1">
    <subfield code="a">RU</subfield>
    <subfield code="b">NLR</subfield>
    <subfield code="c">20080911</subfield>
  </datafield>
  <datafield tag="852" ind1=" " ind2=" ">
    <subfield code="a">NLR</subfield>
    <subfield code="j">2008-3/18047</subfield>
  </datafield>
  <datafield tag="942" ind1=" " ind2=" ">
    <subfield code="c">BOOK</subfield>
  </datafield>
</record>
